| 000 | 00751nam a2200205Ii 4500 | ||
|---|---|---|---|
| 003 | JO-AjNU | ||
| 008 | 230605s9999||||xx |||||||||||||| ||und|| | ||
| 017 | _a1989/9/573 | ||
| 040 |
_aJO-AjNU _bara _erda _cJO-AjNU |
||
| 041 | _aara | ||
| 050 | 1 | 4 | _aDS149.A4454 1989 |
| 100 | 3 |
_aالعاجز، صائب مصباح, _eauthor _99373 |
|
| 245 | 0 | 0 | _aنظرية الأمن الإسرائيلي وأثر ذلك على الأمن القومي العربي |
| 264 | 3 | 1 | _aعمان: د.ن، 1989 |
| 300 | _a171ص | ||
| 336 |
_atext _btxt _2rdacontent |
||
| 337 |
_aunmediated _bn _2rdamedia |
||
| 338 |
_avolume _bnc _2rdacarrier |
||
| 650 | 4 |
_aالوضع العسكري- العالم العربي، الوضع العسكري- اسرائيل- تاريخ _99374 |
|
| 999 |
_aA1266 _c4834 _d4834 |
||